000
00225 a2200097 4500
001
52513
100
_a
Grenville J A S
245
_a
World History of the 20th Century
260
_a
London
_b
Fontana
_c
090
_c
33000
_d
33000
942
_a
NUST-CAE
_c
M
_c
25560
999
_c
287586
_d
287586